000 00603nam a22002052 4500
001 0000000936
005 20151217151801.0
008 070222s xx 000 0 eng d
020 _a0567089827 :
_cKES 369
040 _aKABU
_cKABU
050 0 _aBT111.2
_b.G86
100 1 _aGunton, Colin E.
_@0000149383
245 1 0 _aFather, Son and Holy Spirit :
_bessays toward a fully trinitarian theology.
260 _aLondon :
_bT & T Clark,
_c2003.
300 _axviii, 240 p.
650 0 _aTrinity.
_@0000149384
908 _a070222
950 _@1
999 _c4987
_d4987